| 000 | 00550nam a2200181 4500 | ||
|---|---|---|---|
| 001 | 122106 | ||
| 003 | ES-MaACL | ||
| 007 | t| | ||
| 008 | 070214s1961 sp r ||||1| spa d | ||
| 100 | 1 |
_aPotter, Basil. _993392 |
|
| 245 | 1 | 0 |
_aInglés para españoles / _cBasil Potter. |
| 260 |
_aBarcelona : _bJuventud, _c1961. |
||
| 300 |
_a2 v. : _bil. ; _c23 cm. |
||
| 505 | 8 | _aContiene: Vol. I. Curso elemental. Vol. II. Curso medio. | |
| 700 | 1 |
_aStarkie, Walter, _d1894-1976 _9107933 |
|
| 852 |
_aES-MaACL _jE-4764-5 _bR.48771 |
||
| 999 |
_c122106 _d122106 |
||